| 000 | 01227nam a2200301Ia 4500 | ||
|---|---|---|---|
| 001 | ebr10419455 | ||
| 003 | CaPaEBR | ||
| 006 | m u | ||
| 007 | cr cn||||||||| | ||
| 008 | 100525s2010 enka sb 001 0 eng d | ||
| 010 | _z 2010019474 | ||
| 020 | _z9780470972632 (cloth) | ||
| 040 |
_aCaPaEBR _cCaPaEBR |
||
| 035 | _a(OCoLC)671491597 | ||
| 050 | 1 | 4 |
_aTA664 _b.K37 2010eb |
| 082 | 0 | 4 |
_a624.1/8 _222 |
| 100 | 1 | _aKasapoglou, Christos. | |
| 245 | 1 | 0 |
_aDesign and analysis of composite structures _h[electronic resource] : _bwith applications to aerospace strucutres / _cChristos Kassapoglou. |
| 260 |
_aChichester, West Sussex, U.K. ; _aHoboken, NJ : _bWiley, _c2010. |
||
| 300 |
_axiv, 300 p. : _bill. |
||
| 504 | _aIncludes bibliographical references and index. | ||
| 533 |
_aElectronic reproduction. _bPalo Alto, Calif. : _cebrary, _d2010. _nAvailable via World Wide Web. _nAccess may be limited to ebrary affiliated libraries. |
||
| 650 | 0 | _aComposite construction. | |
| 650 | 0 | _aStructural engineering. | |
| 655 | 7 |
_aElectronic books. _2local |
|
| 710 | 2 | _aebrary, Inc. | |
| 856 | 4 | 0 |
_uhttp://site.ebrary.com/lib/rucke/Doc?id=10419455 _zAn electronic book accessible through the World Wide Web; click to view |
| 999 |
_c83908 _d83908 |
||